00341nam a2200121Ia 4500008004100000040001700041041001200058082001700070100002500087245005800112260003800170300001100208230917s9999||||xx |||||||||||||| ||und|| e149923aMAIN aEnglish a491.217 A81H aAgrawal, Krishan Dev 0aHindi translation of Sanskrit inscriptions from Nepal aDelhibEastern Book Linkersc1985 a136 p.